|
|
|
|
| LEADER |
00000nam2a2200000 4500 |
| 001 |
91646 |
| 005 |
20231101213802.0 |
| 035 |
|
|
|a (RuTPU)RU\TPU\book\98235
|
| 035 |
|
|
|a RU\TPU\book\98232
|
| 090 |
|
|
|a 91646
|
| 100 |
|
|
|a 20060228d1961 k y0rusy50 ca
|
| 101 |
0 |
|
|a rus
|
| 102 |
|
|
|a RU
|
| 105 |
|
|
|a a z 000zy
|
| 200 |
0 |
|
|a Вып. 4 : ... в 1958 году
|f гл. ред. Н. В. Агеев
|
| 210 |
|
|
|d 1961
|
| 215 |
|
|
|a 188 с.
|c ил.
|
| 461 |
|
1 |
|0 (RuTPU)RU\TPU\book\98469
|t Диаграммы состояния металлических систем, опубликованные ...
|f Академия наук СССР (АН СССР), Всесоюзный институт научной и технической информации (ВИНИТИ)
|v Вып. 4 : ... в 1958 году
|d 1959-
|
| 606 |
1 |
|
|a Металлические системы
|x Диаграммы состояния
|x Исследование
|2 stltpush
|3 (RuTPU)RU\TPU\subj\42377
|9 62047
|
| 606 |
1 |
|
|a Сплавы сложные
|x Диаграммы состояний
|2 stltpush
|3 (RuTPU)RU\TPU\subj\55982
|9 73933
|
| 610 |
1 |
|
|a диаграммы
|
| 610 |
1 |
|
|a результаты исследований
|
| 610 |
1 |
|
|a кристаллическая структура
|
| 610 |
1 |
|
|a физические свойства
|
| 610 |
1 |
|
|a химические свойства
|
| 675 |
|
|
|a 669.017.11
|v 3
|
| 702 |
|
1 |
|a Агеев
|b Н. В.
|4 651
|
| 801 |
|
1 |
|a RU
|b 63413507
|c 20040623
|g PSBO
|
| 801 |
|
2 |
|a RU
|b 63413507
|c 20151014
|g PSBO
|
| 942 |
|
|
|c BK
|